00687nam a22002057a 450000500170000001000150001702000260003203500140005803700140007208200120008624501610009826000490025927000480030830000340035650000280039070000190041870000150043770000150045270000140046720180504172705.0 aENG-122888 a9789385926808c400.00 aEN-106420 bDBAD/PUB. a651.321 aProceedings of the national seminar on phytochemicals as therapeutics :ced. by K.S. Lakshmi; R. Subha; B. Suji [and] V.Selvib16th & 17th September, 2016 / aNew Delhi bAllied Publishers Private c2017 a1/13-14 Asaf Ali Road ,bNew Delhi e110002 axiii, 62p. c24cm (pbk)bill. aIt include author index a Lakshmi, K.S. aSubha, R.  a Suji, B. aSelvi, V.